000
00253nam a2200109Ia 4500
005
20251222114408.0
008
251222s1900||||xx |||||||||||||| ||spa||
082
_a
DVD0070/A32/2003
245
0
_a
Paloma de papel
264
_b
Luna LLena Films
942
_c
DVD
999
_c
1900
_d
1900